000 00764nam a2200217Ii 4500
003 JO-AjNU
008 230605s9999||||xx |||||||||||||| ||und||
040 _aJO-AjNU
_bara
_erda
_cJO-AjNU
041 _aara
050 1 4 _aK4430.D460.2003
100 3 _a ذنيبات ، محمد جمال ,
_eauthor
_924917
245 0 0 _aالمالية العامة والتشريع المالي
250 _aط1
264 3 1 _aعمان : الدار العلمية ، ودار الثقافة ، 2003
300 _a304ص
336 _atext
_btxt
_2rdacontent
337 _aunmediated
_bn
_2rdamedia
338 _avolume
_bnc
_2rdacarrier
490 0 _aالمكتبة القانونية (467 )
650 4 _aالمالية العامة -- السياسة المالية
_924918
999 _aA9251
_c12819
_d12819